Fundamentals of tourism (Record no. 395648)

MARC details
000 -LEADER
fixed length control field 00569 a2200229 4500
005 - DATE & TIME
control field 20260401120054.0
008 - FIXED-LENGTH DATA ELEMENTS--GENERAL INFORMATION
fixed length control field 260324b |||||||| |||| 00| 0 eng d
020 ## - ISBN
International Standard Book Number 9788197179525
Price Rs. 495.00
040 ## - CATALOGING SOURCE
Original cataloging agency VIVEKANANDA LIBRARY
082 ## - DDC NUMBER
Classification number 338.4791
Book Number S58F
100 ## - MAIN ENTRY--PERSONAL NAME
Personal name Sanjeev Kumar
245 ## - TITLE STATEMENT
Title Fundamentals of tourism
250 ## - EDITION STATEMENT
Edition statement
260 ## - PUBLICATION, DISTRIBUTION, ETC. (IMPRINT)
Name of publisher, distributor, etc The Hospitality Press
Date of publication, distribution, etc 2024
Place of publication, distribution, etc New Delhi
300 ## - PHYSICAL DESCRIPTION
Pages 108
650 ## - Subject
Subject Hotel Management
650 ## - Subject
Subject Tourism
650 ## - Subject
Subject Hospitality Industry
700 ## - Added Entry Personal Name
Added Entry Personal Name Dinesh Kumar
700 ## - Added Entry Personal Name
Added Entry Personal Name Amit Kumar
942 ## - ADDED ENTRY ELEMENTS (KOHA)
Koha item type Books
Holdings
Withdrawn status Lost status Source of classification or shelving scheme Damaged status Not for loan Location (home branch) Sublocation or collection (holding branch) Shelving location Date acquired Koha issues (times borrowed) Koha full call number Accession No. Koha date last seen Koha item type
    Dewey Decimal Classification     VIVEKANANDA LIBRARY VIVEKANANDA LIBRARY IHTM Library 21/01/2026   338.4791 S58F 425208 21/01/2026 Books
© Designed and Maintained by Vivekananda Library, MDU Rohtak